Reach for the stars / (Record no. 306574)
[ view plain ]
| 000 -LEADER | |
|---|---|
| fixed length control field | 00871nam a2200349Ia 4500 |
| 008 - FIXED-LENGTH DATA ELEMENTS--GENERAL INFORMATION | |
| fixed length control field | 170203s9999 xx 000 0 und d |
| 020 ## - INTERNATIONAL STANDARD BOOK NUMBER | |
| International Standard Book Number | 0-439178770 |
| 050 ## - LIBRARY OF CONGRESS CALL NUMBER | |
| Classification number | Fic |
| 050 ## - LIBRARY OF CONGRESS CALL NUMBER | |
| Item number | M476a |
| 100 ## - MAIN ENTRY--PERSONAL NAME | |
| Personal name | Mazer, Anne. |
| 245 ## - TITLE STATEMENT | |
| Title | Reach for the stars / |
| 245 ## - TITLE STATEMENT | |
| Statement of responsibility, etc | Anne Mazer. |
| 260 ## - PUBLICATION, DISTRIBUTION, ETC. (IMPRINT) | |
| Place of publication, distribution, etc | New York : |
| 260 ## - PUBLICATION, DISTRIBUTION, ETC. (IMPRINT) | |
| Name of publisher, distributor, etc | Scholastic Inc., |
| 260 ## - PUBLICATION, DISTRIBUTION, ETC. (IMPRINT) | |
| Date of publication, distribution, etc | ©2000. |
| 300 ## - PHYSICAL DESCRIPTION | |
| Extent | 121 pages : |
| 300 ## - PHYSICAL DESCRIPTION | |
| Other physical details | illustrations ; |
| 300 ## - PHYSICAL DESCRIPTION | |
| Dimensions | 19 cm. |
| 440 ## - SERIES STATEMENT/ADDED ENTRY--TITLE | |
| Title | Amazing days of Abby Hayes, |
| 440 ## - SERIES STATEMENT/ADDED ENTRY--TITLE | |
| Volume number/sequential designation | bk. 3. |
| 500 ## - GENERAL NOTE | |
| General note | "An Apple paperback." |
| 650 ## - SUBJECT ADDED ENTRY--TOPICAL TERM | |
| Topical term or geographic name as entry element | Children's plays -- |
| 650 ## - SUBJECT ADDED ENTRY--TOPICAL TERM | |
| Topical term or geographic name as entry element | College and school drama -- |
| 650 ## - SUBJECT ADDED ENTRY--TOPICAL TERM | |
| Topical term or geographic name as entry element | Diaries -- |
| 650 ## - SUBJECT ADDED ENTRY--TOPICAL TERM | |
| Topical term or geographic name as entry element | Hayes, Abby (Fictitious character) -- |
| 650 ## - SUBJECT ADDED ENTRY--TOPICAL TERM | |
| Topical term or geographic name as entry element | Schools -- |
| 650 ## - SUBJECT ADDED ENTRY--TOPICAL TERM | |
| General subdivision | Fiction. |
| 650 ## - SUBJECT ADDED ENTRY--TOPICAL TERM | |
| General subdivision | Fiction. |
| 650 ## - SUBJECT ADDED ENTRY--TOPICAL TERM | |
| General subdivision | Fiction. |
| 650 ## - SUBJECT ADDED ENTRY--TOPICAL TERM | |
| General subdivision | Fiction. |
| 650 ## - SUBJECT ADDED ENTRY--TOPICAL TERM | |
| General subdivision | Fiction. |
| Withdrawn status | Lost status | Damaged status | Home library | Current library | Shelving location | Date acquired | Total Checkouts | Full call number | Barcode | Date last seen | Price effective from | Koha item type |
|---|---|---|---|---|---|---|---|---|---|---|---|---|
| Stonyhurst Southville International School (Batangas) | Stonyhurst Southville International School (Batangas) | 02/03/2017 | Fic .M476a 2000 | LS-1075 | 02/03/2017 | 02/03/2017 | Books |